| 000 | 00737nam a2200217 a 4500 | ||
|---|---|---|---|
| 005 | 20230316063542.0 | ||
| 008 | 090508s2006 es r 000 0 spa d | ||
| 020 | _a8497542096 | ||
| 035 | _aUPN01000170324 | ||
| 049 | _aCG | ||
| 050 | 4 |
_aQB46 _bP4.2 |
|
| 100 | 1 | _aPerozzi, Ettore | |
| 245 | 1 | 3 |
_aEl cielo bajo la tierra : _bde viaje por el sistema solar / _cEttore Perozzi ; il. Fabio Magnasciutti ; tr, Joan Carles Guix. |
| 260 |
_aBarcelona, Esp. : _bOniro, _cc2006. |
||
| 300 |
_a203 p. : _bil. |
||
| 440 | 3 |
_aLa aventura de la ciencia ; _v12 |
|
| 534 |
_pTÃtulo original: _tIl cielo sotto la terra |
||
| 650 | 4 |
_aAstronomÃa _vLiteratura juvenil _98515 |
|
| 650 | 4 |
_aSISTEMA SOLAR - _vLITERATURA JUVENIL _912527 |
|
| 905 | _aLibro | ||
| 999 |
_c142429 _d142429 |
||